000 00301 a2200145 4500
001 160673
020 _a
040 _cMagnum
100 _aKoch, Ingedore Villaca
240 1 0 _aA coesao textual
_lpor
245 1 0 _aA coesao textual
362 0 _a1899
697 _aPRODUCAO DE TEXTO
942 _cBK
999 _c160673
_d160673